000 01215nam a2200265 a 4500
001 BRCA_8370
005 20190320210243.0
008 120814s2014----sp-a######---#000-0#eng-#
020 _a9780692207864
041 _aeng
044 _asp
050 4 _aND813
_b.S63 2014
245 1 0 _aThe spanish gesture
_bdrawings from Murillo to Goya in the hamburger kunsthalle
_cJens Hoffmann-Samland ; with contributions by María Cruz de Carlos Varona ... [et al.].
260 _aEspaña
_bMeadows Museum, Southern Methodist University : Museo Nacional del Prado : Hamburger Kunsthalle
_c2014
300 _a291 p.
_bil. a color
_c29 cm.
500 _aIncluye índice alfabético
500 _aCatálogo de la exposición realizada en Meadows Museum, Southern Methodist University (Dallas), 25 mayo - 31 agosto, 2014 y en el Museo Nacional del Prado (Madrid), 28 octubre, 2014 - 8 febrero, 2015
504 _aBibliografía: p. 279-285
600 1 4 _aMurillo, Bartolomé Esteban
_d1617-1682
_913827
600 1 4 _aGoya y Lucientes, Francisco José de
_d1746-1828
_911075
650 1 4 _aPintores españoles
_97620
700 1 _aHoffmann-Samland, Jens
_920975
700 1 _aCruz de Carlos Varona, María
_920976
942 _2lcc
_cB
999 _c8038
_d8038